Entre el caos y el orden /

Guardado en:
Bibliografiske detaljer
Hovedforfatter: González Ortega, Alfonso
Andre forfattere: Solís Avendaño, Manuel
Format: Texto
Udgivet: San José, Costa Rica: Editorial de la Universidad de Costa Rica
Fag:
Tags: Tilføj Tag
Ingen Tags, Vær først til at tagge denne postø!

MARC

LEADER 00000 a a2200000 04500
001 45876
003
040
020 |a 9977-67-678-X  
090 |a 02.04.02   |b G643e  
100 |a González Ortega, Alfonso  
245 |a Entre el caos y el orden /  |c Alfonso González Ortega; Manuel Solís Avendaño  
260 |a San José, Costa Rica:   |b Editorial de la Universidad de Costa Rica  
650 |a CORRUPCION  
650 |a ASPECTOS SOCIALES  
650 |a ASPECTOS POLITICOS  
700 |a Solís Avendaño, Manuel  
773 |g páginas 83-153  
999 |c 36755  |d 36755